| Tag |
First Indicator |
Second Indicator |
Subfields |
| LEADER |
00000cem a2200000 i 4500 |
| 001 |
in00004091249 |
| 005 |
20211120104204.0 |
| 006 |
m o d f |
| 007 |
aj cznzn |
| 007 |
cr cn||||||||| |
| 008 |
161219s1998 vau ca a fo 1 eng c |
| 034 |
1 |
|
|a a
|b 460000
|d W0865400
|e W0855600
|f N0414800
|g N0412000
|
| 034 |
1 |
|
|a a
|b 222500
|d W0863300
|e W0860400
|f N0414800
|g N0412900
|
| 034 |
1 |
|
|a a
|b 100750
|d W0863300
|e W0860400
|f N0414800
|g N0412900
|
| 035 |
|
|
|a (OCoLC)ocn966435327
|
| 042 |
|
|
|a pcc
|
| 043 |
|
|
|a n-us-in
|a n-us-mi
|
| 040 |
|
|
|a COP
|b eng
|e rda
|e pn
|c COP
|d OCLCO
|d OCLCF
|d GPO
|d MvI
|
| 049 |
|
|
|a WWW
|
| 052 |
|
|
|a 4093
|b S2
|b L4
|
| 052 |
|
|
|a 4113
|b C3
|b B6
|
| 074 |
|
|
|a 0624-B-05 (online)
|
| 086 |
0 |
|
|a I 19.42/4:98-4139
|
| 110 |
2 |
|
|a Geological Survey (U.S.),
|e cartographer.
|
| 245 |
1 |
0 |
|a Geohydrology and quality of ground water in unconsolidated aquifers near South Bend, Indiana /
|c by Kathleen K. Fowler and Leslie D. Arihood.
|
| 255 |
|
|
|a Scale approximately 1:460,000 ;
|b Albers equal area projection
|c (W 86°54'--W 85°56'/N 41°48'--N 41°20').
|
| 255 |
|
|
|a Scale approximately 1:222,500 ;
|b Albers equal area projection
|c (W 86°33'--W 86°04'/N 41°48'--N 41°29').
|
| 255 |
|
|
|a Scale approximately 1:100,750 ;
|b Albers equal area projection
|c (W 86°33'--W 86°04'/N 41°48'--N 41°29').
|
| 264 |
|
1 |
|a Reston, Virginia :
|b U.S. Department of the Interior, U.S. Geological Survey,
|c 1998.
|
| 300 |
|
|
|a 1 online resource (17 maps) :
|b color.
|
| 336 |
|
|
|a cartographic image
|b cri
|2 rdacontent
|
| 337 |
|
|
|a computer
|b c
|2 rdamedia
|
| 338 |
|
|
|a online resource
|b cr
|2 rdacarrier
|
| 490 |
1 |
|
|a Water-resources investigations report ;
|v 98-4139
|
| 500 |
|
|
|a Includes text and 1 table.
|
| 500 |
|
|
|a "Prepared in cooperation with the South Bend Water Works."
|
| 504 |
|
|
|a Includes bibliographical references (sheet 3).
|
| 588 |
|
|
|a Description based on online resource; title from PDF title page (USGS, viewed Feb. 13, 2020).
|
| 650 |
|
0 |
|a Hydrogeology
|z Indiana
|z LaPorte County
|v Maps.
|
| 650 |
|
0 |
|a Groundwater
|x Quality
|z Indiana
|z LaPorte County.
|
| 650 |
|
0 |
|a Hydrogeology
|z Indiana
|z Saint Joseph County
|v Maps.
|
| 650 |
|
0 |
|a Groundwater
|x Quality
|z Indiana
|z Saint Joseph County.
|
| 650 |
|
0 |
|a Hydrogeology
|z Michigan
|z Cass County
|v Maps.
|
| 650 |
|
0 |
|a Groundwater
|x Quality
|z Michigan
|z Cass County.
|
| 650 |
|
0 |
|a Hydrogeology
|z Michigan
|z Berrien County
|v Maps.
|
| 650 |
|
0 |
|a Groundwater
|x Quality
|z Michigan
|z Berrien County.
|
| 650 |
|
7 |
|a Groundwater
|x Quality.
|2 fast
|0 (OCoLC)fst00948294
|
| 650 |
|
7 |
|a Hydrogeology.
|2 fast
|0 (OCoLC)fst00965077
|
| 651 |
|
7 |
|a Indiana
|z LaPorte County.
|2 fast
|0 (OCoLC)fst01719815
|
| 651 |
|
7 |
|a Indiana
|z Saint Joseph County.
|2 fast
|0 (OCoLC)fst01211959
|
| 651 |
|
7 |
|a Michigan
|z Berrien County.
|2 fast
|0 (OCoLC)fst01203031
|
| 651 |
|
7 |
|a Michigan
|z Cass County.
|2 fast
|0 (OCoLC)fst01207371
|
| 655 |
|
7 |
|a Maps.
|2 fast
|0 (OCoLC)fst01423704
|
| 700 |
1 |
|
|a Fowler, Kathleen K.,
|e cartographer.
|
| 700 |
1 |
|
|a Arihood, Leslie D.,
|e cartographer.
|
| 710 |
2 |
|
|a South Bend Water Works.
|
| 776 |
0 |
8 |
|i Print version:
|a Fowler, Kathleen K.
|t Geohydrology and quality of ground water in unconsolidated aquifers near South Bend, Indiana
|w (OCoLC)40590560
|
| 830 |
|
0 |
|a Water-resources investigations report ;
|v 98-4139.
|
| 856 |
4 |
0 |
|u https://purl.fdlp.gov/GPO/gpo132209
|t 0
|
| 999 |
f |
f |
|s 5917ee75-9f7f-3f54-b418-0ed6b9f7a574
|i 103cf346-cd64-3e15-8150-204b490a42ce
|t 0
|
| 952 |
f |
f |
|a Texas A&M University
|b College Station
|c Electronic Resources
|d Available Online
|t 0
|e I 19.42/4:98-4139
|h Superintendent of Documents classification
|
| 998 |
f |
f |
|a I 19.42/4:98-4139
|t 0
|l Available Online
|